000 00810nam a2200217Ia 4500
003 GCL
008 140319s9999 xx 000 0 ara d
020 _a311582978
040 _aGCL /
_cGCL
082 0 4 _a956.704
_bف م
100 1 _aفاضل الربيعى
245 1 0 _aما بعد الاستشراق : الغزو الأمريكى للعراق وعودة الكولونياليات البيضاء /
_cفاضل الربيعى
250 _aالاولى
260 _aبيروت :
_bمركز دراسات الوحدة العربية ،
_c2007
300 _a304 ص ؛
_c24 سم
650 0 4 _aالليبرالية
650 0 4 _aالاستشراق
650 0 4 _aجرائم ضد الانسانية
650 0 4 _aالاعتداء الامريكى البريطانى على العراق
942 _2ddc
_cBK
999 _c9446
_d9446